Institutional factors driving citizen perceptions of AI in government: Evidence from a survey experiment on policing (Record no. 530166)

000 -LEADER
fixed length control field 01700nam a22001337a 4500
008 - FIXED-LENGTH DATA ELEMENTS--GENERAL INFORMATION
fixed length control field 250529b ||||| |||| 00| 0 eng d
100 ## - MAIN ENTRY--PERSONAL NAME
Personal name Schiff, Kaylyn Jackson
245 ## - TITLE STATEMENT
Title Institutional factors driving citizen perceptions of AI in government: Evidence from a survey experiment on policing
260 ## - PUBLICATION, DISTRIBUTION, ETC. (IMPRINT)
Place of publication, distribution, etc Public Administration Review
300 ## - PHYSICAL DESCRIPTION
Extent 85(2), Mar, 2025: p.451-467
520 ## - SUMMARY, ETC.
Summary, etc Law enforcement agencies are increasingly adopting artificial intelligence (AI)-powered tools. While prior work emphasizes the technological features driving public opinion, we investigate how public trust and support for AI in government vary with the institutional context. We administer a pre-registered survey experiment to 4200 respondents about AI use cases in policing to measure responsiveness to three key institutional factors: bureaucratic proximity (i.e., local sheriff versus national Federal Bureau of Investigation), algorithmic targets (i.e., public targets via predictive policing versus detecting officer misconduct through automated case review), and agency capacity (i.e., necessary resources and expertise). We find that the public clearly prefers local over national law enforcement use of AI, while reactions to different algorithmic targets are more limited and politicized. However, we find no responsiveness to agency capacity or lack thereof. The findings suggest the need for greater scholarly, practitioner, and public attention to organizational, not only technical, prerequisites for successful government implementation of AI.- Reproduced

https://onlinelibrary.wiley.com/doi/10.1111/puar.13754
773 ## - HOST ITEM ENTRY
Main entry heading Public Administration Review
942 ## - ADDED ENTRY ELEMENTS (KOHA)
Item type Articles

No items available.

Powered by Koha